Nonlinear Phenomena at Phase Transitions and Instabilities /

Bibliographic Details
Main Author: Riste, T.
Corporate Author: SpringerLink (Online service)
Format: eBook
Language:English
Published: Boston, MA : Springer US, 1982.
Series:NATO Advanced Study Institutes Series, ; 77.
Subjects:
Online Access:Connect to the full text of this electronic book

MARC

Tag First Indicator Second Indicator Subfields
LEADER 00000cam a2200000Ma 4500
001 in00003547813
006 m o d
007 cr nn|||||||||
008 121227s1982 mau o 000 0 eng d
005 20260421180130.5
020 |a 9781468441277 (electronic bk.) 
020 |a 1468441272 (electronic bk.) 
020 |z 1468441272 
035 |a (OCoLC)840288856 
040 |a I9W  |b eng  |e pn  |c I9W  |d UV0  |d OCLCO  |d GW5XE  |d OCLCQ  |d OCLCF  |d UtOrBLW 
049 |a TXAM 
050 4 |a QC176-176.9 
082 0 4 |a 530.41  |2 23 
100 1 |a Riste, T. 
245 1 0 |a Nonlinear Phenomena at Phase Transitions and Instabilities /  |c edited by T. Riste. 
264 1 |a Boston, MA :  |b Springer US,  |c 1982. 
300 |a 1 online resource. 
336 |a text  |b txt  |2 rdacontent 
337 |a computer  |b c  |2 rdamedia 
338 |a online resource  |b cr  |2 rdacarrier 
490 1 |a NATO Advanced Study Institutes Series, 0258-1221 ;  |v 77 
500 |a Electronic resource. 
650 0 |a Physics. 
650 7 |a Physics.  |2 fast  |0 (OCoLC)fst01063025 
655 7 |a Electronic books.  |2 local 
710 2 |a SpringerLink (Online service) 
830 0 |a NATO Advanced Study Institutes Series, ;  |v 77. 
856 4 0 |u http://proxy.library.tamu.edu/login?url=https://link.springer.com/10.1007/978-1-4684-4127-7  |z Connect to the full text of this electronic book  |t 0 
994 |a 92  |b TXA 
999 |a MARS 
999 f f |s 6417cab5-3899-39d1-8fbd-e018e47100d2  |i 8c609393-ddf3-3e0b-a721-6dd9e57e53a6  |t 0 
952 f f |a Texas A&M University  |b College Station  |c Electronic Resources  |s www_evans  |d Available Online  |t 0  |e QC176-176.9  |h Library of Congress classification 
998 f f |a QC176-176.9  |t 0  |l Available Online